000 00730nam a2200205Ii 4500
003 JO-AjNU
008 230605s9999||||xx |||||||||||||| ||und||
017 _a2008/8/2601
040 _aJO-AjNU
_bara
_erda
_cJO-AjNU
041 _aara
050 1 4 _aHF5686.I56.A28 2010
100 3 _aتأليف: ابو شمالة، احمد محمد,
_eauthor
_928199
245 0 0 _aمعايير المحاسبة الدولية والابلاغ المالي
264 3 1 _aعمان: مكتبة المجتمع العربي للنشر والتوزيع، 2010
300 _a193ص
336 _atext
_btxt
_2rdacontent
337 _aunmediated
_bn
_2rdamedia
338 _avolume
_bnc
_2rdacarrier
650 4 _aالمحاسبة المالية
_928200
999 _aA10908
_c14476
_d14476